000 01137nam a2200385 a 4500
001 00320159
003 OSt
005 20140310181804.0
008 920330s1990 ne ab b 00100 eng
020 _a0705409856
035 _aCUW000237189
049 _aul
050 _aD 359.7
_b.T583 1990
082 0 0 _aREF 909.81
_bP96 1990
090 _aD359.7.P96
245 0 4 _aThe Pulse of enterprise :
_bAD 1800-1850 /
_cby the editors of Time-Life Books.
260 0 _aAmsterdam :
_bTime-Life Books,
_cc1990.
300 _a176 p. :
_bill. (some col.), col. maps ;
_c28 cm.
440 0 _aTime-Life history of the world.
500 _aIncludes bibliographical references and index.
504 _aBibliography: p. 174-[175]
520 _a1. World History--Ad 18--1850.
521 _aBasic Ed. Students
541 _j1
541 _j2
541 _j3
562 _e3
650 0 _aHistory, Modern
_y19th century.
650 0 _aEconomic history
_y1750-1918.
710 2 _aTime-Life Books.
910 _aCKC:GS:920330
942 _2lcc
_cBK-GR
_kREF
949 _aul
_b000320159
_tmono
999 _c3735
_d3735